000 00348nam a2200145Ia 4500
008 230312s9999||||xx |||||||||||||| ||und||
020 _a1305110544
082 _a794.815
_bMEN-G
100 _aMacdonald,Matthew
245 4 _aThe book of VB. NET
260 _bCengage
_aUSA
_c2015
300 _a444
650 _aComputer
_vProgramming
942 _cBK
999 _c16139
_d16139